000 01780nam a2200349 c 4500
003 BLK
005 20180421000130.0
008 180411b bul|||||r ||||||| ||bul||
010 _aKNG00191232000
040 _aBLK
041 _aBUL
_cBUL
080 _aСанитарна микробиология. Комунална микробиология. Подразделя се с отношение (Табл. Іb) към деленията на 614 и 628
_b579.63
_x
_z579.63
100 1 _aДанон-Моше, Софи
_eпърви автор
_958634
700 1 _aКозарева, Мария Николова
_eсъавт.
_9342892
700 1 _aПапаркова, Кремена Димитрова
_eсъавт.
_9106638
700 1 _aДанон-Моше, Софи
_eпод ред. на
_958634
139 _aДанон-Моше, Софи и др.
_bД 19
245 1 0 _aСанитарна микробиология :
_bМетоди за изследване
_cСофи Данон-Моше; съавт. Мария Николова Козарева; съавт. Кремена Димитрова Папаркова; под ред. на Софи Данон-Моше.
257 _aBGR
260 София
_bМедицина и физкултура
_c1985
_fПловдив : Д. Благоев
300 _a195 с.
_bс табл., сх., диагр.
_c22 см
380 _a5
500 _aАвт. са отбелязани на с. 3.- Библиогр. с. 191
650 4 _aМикробиология
_9162153
653 _aмикробиология
653 _aметоди за изследване
852 _aЦб 139303
856 4 _qpdf
_u
856 4 _qpdf
_u
942 _cKNG
_n0
944 _aCR
_c30.09.2016
_kХристина_Везирева
944 _aED
_c30.09.2016
_kХристина_Везирева
999 _c182309
_d182309